000 00451nas a2200181 i 4500
001 C2-0323136
003 PPAK
005 20180729123412.0
008 131006s my |||| ||||| | may d
022 _a1985-6547
040 _aPPAK
_beng
_cPPAK
_erda
245 0 0 _aBarbie
264 1 _aSelangor :
_bPelican Enterprise Sdn Bhd ,
336 _2rdacontent
_atext
337 _2rdamedia
_aunmediated
338 _2rdacarrier
_avolume
942 _ddc
_cSR
999 _c149802
_d149802